000 00485nam a2200169Ia 4500
003 GCL
008 140319s9999 xx 000 0 ara d
040 _aGCL /
_cGCL
082 0 4 _a959
_bا ت
100 1 _aاسماعيل احمد ياغى
245 1 0 _aتاريخ شرق اسيا الحديث /
_cاسماعيل احمد ياغى
300 _a260 ص
490 _aكتاب
_v0
650 0 4 _aالتاريخ الحديث
650 0 4 _aشرق اسيا - تاريخ
942 _2ddc
_cBK
999 _c43298
_d43298